00601nam a2200193Ia 450000500170000000800410001702000170005808200150007510000180009024500680010826000510017630000190022765000160024665000130026265000140027594200060028995200970029599900150039220240726022423.0240331s9999 xx 000 0 und d a978991772727 bBLAa294.3 aBlackburn,A,M 0aLocations of Buddhism :bColonialism and Modernity in Sri Lanka a ColombobSocial Scientist's Associationc2010 axxii, 237 p ., aColonialism aReligion aModernity cL 001040708LaWERCLbWERCLcSSCd2024-03-31l0o 294.3 BLAp6770r2024-03-31w2024-03-31yL c5779d5779